000 00597nam a2200181Ia 4500
008 090201s9999 xx 000 0 und d
010 _aKPL-71171
040 _bमराठी
041 _aमराठी
082 _a49337
_b71171
100 _a ठाकूर दिलीप
245 _aतीन देवियाँ (रामबाग)
_c ठाकूर दिलीप
250 _a1
260 _c2006
_bनवचैतन्य प्रकाशन
300 _a164
_bमध्यम
600 _aतीन देवियाँ (रामबाग)
942 _cBOOK
999 _c245920
_d245920